000 00921nam a2200253Ia 4500
003 OSt
005 20221005112309.0
006 a|||||r|||| 00| 0
007 ta
008 221004b |||||||| |||| 00| 0 pan d
020 _a9788178563435 (hbk)
_c160
024 _a2443
037 _b694, 16/01/2013, Bright Book Service
_cTextual
040 _aCRL
_cCRL
_bpan
041 _2pan
_apan
082 _aO153,1:gN, Q2
100 _aਆਗ਼ਾਦ, ਮਨਜੀਤ ਕੌਰ
245 0 _aਆਧੁਨਿਕ ਪੰਜਾਬੀ ਕਾਵਿ
_b ਥੀਮਿਕ ਸਰੋਕਾਰ
260 _aਅੰਮ੍ਰਿਤਸਰ
_bਵਾਰਿਸ Fਾਹ ਭਾਰਤ
_c2012
300 _a112ਪੰ
_ccm.
650 _aਪੰਜਾਬੀ ਸਾਹਿਤ
942 _hO153,1:gN, Q2
_cTEXL
_2cc
999 _c1024466
_d1024466